Manual de estatuto administrativo

Enregistré dans:
Détails bibliographiques
Auteur principal: Pantoja Bauzá, Rolando (autor)
Format: Livre
Langue:espagnol
Publié: Santiago Conosur 1983
Sujets:
Tags: Ajouter un tag
Pas de tags, Soyez le premier à ajouter un tag!

MARC

LEADER 00000nam a2200000 a 4500
001 UCS0616
003 CL-VaPUC
008 970426e19831200CL |||||||||||||||||spa|d
082 0 4 |a 342.068  |b PAN  |2 21 
100 |a Pantoja Bauzá, Rolando  |e autor  |9 568200 
245 1 0 |a Manual de estatuto administrativo 
300 |a 2 v 
942 |c BK 
945 |d 19970426 00:00:00  |a paguirre 
260 |a Santiago  |b Conosur  |c 1983 
650 0 |a Derecho administrativo  |9 254851 
650 0 |a Constituciones  |9 255417 
650 7 |a ESTATUTO ADMINISTRATIVO  |2 CL-VaPUC  |9 255948 
650 0 |a Administración pública   |9 255343 
650 7 |a EMPLEADOS PUBLICOS  |2 CL-VaPUC  |9 256133 
650 0 |a Estado  |9 255503 
651 7 |a CHILE  |2 CL-VaPUC  |9 384321 
583 |a last modification  |c 19970426 00:00:00  |k Rodrigo Vera 
999 |c 258836  |d 258834 
952 |0 0  |1 0  |4 0  |6 342_068000000000000_PAN_1983  |7 0  |8 A  |9 283159  |a BIBDER  |b BIBDER  |d 2019-11-19  |h v.1  |i 1838628  |o 342.068 PAN 1983  |p 1838628  |r 2023-01-25  |w 2019-11-19  |y BK  |k DER 
952 |0 0  |1 0  |4 0  |6 342_068000000000000_PAN_1983  |7 0  |8 A  |9 283160  |a BIBDER  |b BIBDER  |d 2019-11-19  |h v.2  |i 1838636  |o 342.068 PAN 1983  |p 1838636  |r 2023-01-25  |w 2019-11-19  |y BK  |k DER